Guida all'educazione cooperativa nella scuola

Gespeichert in:
Bibliographische Detailangaben
Weitere Verfasser: Trentino- Alto Adige.
Format: Buch
Sprache:Italienisch
Erschienen: Trento a cura della Federazione trentina delle cooperative s.a.
Katalog:EDISCO:  Suchergebnis im Bibliothekskatalog
Schulbuchspezifische Eigenschaften:
Tags: Tag hinzufügen
Keine Tags, Fügen Sie den ersten Tag hinzu!
Hinzugefügt zu:30.04.2016
Geändert in:04.10.2017

MARC

LEADER 00000aam a22000007 4500
001 20448
003 OSt
005 20171004090436.0
008 160501s it 000 0 ita
040 |c Paola Zonca - Torino - SBN 
041 1 |a ita 
245 0 0 |a Guida all'educazione cooperativa nella scuola 
260 |a Trento  |b a cura della Federazione trentina delle cooperative  |c s.a. 
300 |a 144 p. : i, ;   |c 24 cm. 
510 3 |a In testa a 
901 |a 7 
700 1 |a Trentino- Alto Adige. 
942 |2 ddc  |c BK 
546 |a ita 
999 |c 20437  |d 20437 
999 |c edisco:20437  |d 20437